Pieces of Maps (Asia) Quiz Stats

 Plays Quiz Updated Dec 22, 2019

     
Support Sporcle.
Go Orange.
Score 0/15 Timer 04:00
5 Plays Today
% Correct
2✓
94.2%
1✓
94%
5✓
92.5%
3✓
91.6%
4✓
90.7%
10✓
85.9%
8✓
79%
9✓
74.8%
% Correct
11✓
74.4%
13✓
73.9%
7✓
73.7%
12✓
72.6%
14✓
71.4%
6✓
65.5%
15✓
61.5%

From the Vault

Pick the Mortal Kombat Characters

by Dreamcast0102

Gaming 5m
Even if you don't get any right, at least your score can't be... sub-zero.
Remove Ads.
Support Sporcle.
Get the best of Sporcle when you Go Orange. This ad-free experience offers more features, more stats, and more fun while also helping to support Sporcle. Thank you for becoming a member.

Show Comments

Extras

Top Quizzes Today


Score Distribution

Your Account Isn't Verified!

In order to create a playlist on Sporcle, you need to verify the email address you used during registration. Go to your Sporcle Settings to finish the process.

Report this User

Report this user for behavior that violates our Community Guidelines.

Details: